Terrenos que estan siendo ubicados por las instituciones del Estado (Record no. 9711)

MARC details
000 -LEADER
campo de control de longitud fija 00400nam a2200133Ia 4500
001 - NÚMERO DE CONTROL
campo de control 3198
008 - DATOS DE LONGITUD FIJA--INFORMACIÓN GENERAL
campo de control de longitud fija 241024s9999 xx 000 0 und d
082 ## - NÚMERO DE LA CLASIFICACIÓN DECIMAL DEWEY
Número de clasificación RD/333.07/R426t
100 ## - ENTRADA PRINCIPAL--NOMBRE DE PERSONA
Nombre de persona República Dominicana. Ministerio de Educación, MINERD
245 #0 - MENCIÓN DEL TÍTULO
Título Terrenos que estan siendo ubicados por las instituciones del Estado
260 ## - PUBLICACIÓN, DISTRIBUCIÓN, ETC.
Nombre del editor, distribuidor, etc. Santo Domingo
901 ## - ELEMENTOS DE DATOS A LOCAL LDA (RLIN)
a 4/9/2013 4:00:27 p.m.

No items available.

© 2024. Todos los Derechos Reservados. Desarrollado por IDEICE